000
00279nam a2200097Ia 4500
008
120527s9999 xx 000 0 und d
100
_a
FAJIMI, J.
245
_a
National Population census what Nigerians need to know:Roadmap to a
260
_b
Special born creativity
942
_c
BK
999
_c
25805
_d
25805